Typing Challenge: 100 'C' Words Quiz Stats

Quiz Updated May 22, 2017

Challenge
Share
Tweet
Embed
Score 0/100 Timer 02:00
3 Plays Today
What to type ↓ Type here! ↓ % Correct
carcar
99.8%
catcat
99.5%
celcel
99.1%
citycity
98.8%
clayclay
98.5%
cullcull
98.2%
calxcalx
97.9%
cetecete
97.7%
commacomma
97.6%
chesschess
97.5%
clockclock
97.3%
cloudcloud
97.2%
crowncrown
97%
crosscross
96.9%
canalcanal
96.8%
caddycaddy
96.7%
clerkclerk
96.6%
cellocello
96.5%
chinachina
96.5%
cachecache
96.4%
chelachela
96.3%
churchchurch
96.2%
carpetcarpet
96%
cottoncotton
95.9%
coffeecoffee
95.7%
cymbalcymbal
95.5%
censorcensor
95.3%
canyoncanyon
95.2%
cherubcherub
95%
cajolecajole
94.8%
callowcallow
94.7%
coccyxcoccyx
94.4%
cygnetcygnet
94.1%
cloacacloaca
93.7%
What to type ↓ Type here! ↓ % Correct
casquecasque
93.3%
concertconcert
92.9%
chickenchicken
92.5%
cabbagecabbage
92.2%
compasscompass
91.7%
chimneychimney
91.1%
cricketcricket
90.6%
calciumcalcium
89.9%
chorizochorizo
89%
cadavercadaver
88%
choleracholera
87.1%
cobblercobbler
86.3%
céntimocéntimo
85.2%
chutneychutney
84.3%
chimerachimera
83.3%
cevicheceviche
82.1%
celadonceladon
80.9%
canopiccanopic
79.4%
cockneycockney
78.2%
calipercaliper
76.9%
challahchallah
75.8%
corvinecorvine
74.6%
cambriccambric
73.1%
considerconsider
71.8%
calendarcalendar
69.7%
corridorcorridor
68%
cassettecassette
66.3%
comediancomedian
64.6%
calamaricalamari
62.8%
cannibalcannibal
61%
clemencyclemency
58.9%
chutzpahchutzpah
56.2%
cardamomcardamom
53.2%
chugalugchugalug
50.4%
What to type ↓ Type here! ↓ % Correct
clavicleclavicle
48.1%
canorouscanorous
45.7%
carapacecarapace
43.2%
chresardchresard
40.5%
chocolatechocolate
38.3%
carnivorecarnivore
36.3%
cacophonycacophony
33.6%
capellinocapellino
31.2%
castigatecastigate
29.4%
catharticcathartic
27.3%
capsaicincapsaicin
24.5%
chevalierchevalier
22.6%
calcaneuscalcaneus
20.1%
conferenceconference
18.6%
chandelierchandelier
16.9%
curriculumcurriculum
15.1%
conjectureconjecture
13.6%
conciliateconciliate
12%
clavichordclavichord
10.3%
capitulatecapitulate
9%
capnomancycapnomancy
7.8%
causimancycausimancy
6.8%
catastrophecatastrophe
5.8%
controversycontroversy
5.1%
counterfeitcounterfeit
4.4%
contretempscontretemps
3.9%
choreographychoreography
3.3%
carcinogeniccarcinogenic
2.7%
constellationconstellation
2.4%
cephalizationcephalization
2%
consternationconsternation
1.8%
catoptromancyYour typing is CRAZY!
1.4%

You're not logged in!

Compare scores with friends on all Sporcle quizzes.
Sign Up with Email
OR
Log In

You Might Also Like...

Show Comments

Extras

Top Quizzes Today


Score Distribution

Your Account Isn't Verified!

In order to create a playlist on Sporcle, you need to verify the email address you used during registration. Go to your Sporcle Settings to finish the process.